Evaluating the habitat capability model for merriam's turkeys
Shranjeno v:
| Main Authors: | , |
|---|---|
| Format: | Knjiga |
| Jezik: | angleščina |
| Izdano: |
Fort Collins
U.S. Department of Agriculture
1995
|
| Teme: | |
| Oznake: |
Označite
Brez oznak, prvi označite!
|
MARC
| LEADER | 00000nam a2200000 a 4500 | ||
|---|---|---|---|
| 001 | UCU3313 | ||
| 003 | CL-VaPUC | ||
| 008 | 960510e19950000US |||||||||||||||||eng|d | ||
| 082 | 0 | 4 | |a 598.619 |b RUM |2 21 |
| 100 | 0 | |a Rumble, Mark A |e author |9 497659 | |
| 700 | 0 | |a Anderson, Stanley H |e author |9 497660 | |
| 245 | 1 | 0 | |a Evaluating the habitat capability model for merriam's turkeys |
| 300 | |a 8 p | ||
| 942 | |c BK | ||
| 945 | |d 19960510 00:00:00 |a rbrito | ||
| 260 | |a Fort Collins |b U.S. Department of Agriculture |c 1995 | ||
| 650 | 7 | |a HABITAT |2 CL-VaPUC |9 267395 | |
| 650 | 7 | |a PAVOS |2 CL-VaPUC |9 394478 | |
| 650 | 0 | |a Vida salvaje |9 407918 | |
| 650 | 0 | |a Aves |9 262192 | |
| 650 | 0 | |a Ornitología |9 269493 | |
| 583 | |a last modification |c 19960510 00:00:00 |k Rodrigo Vera | ||
| 999 | |c 315780 |d 315778 | ||
| 952 | |0 0 |1 0 |4 0 |6 598_619000000000000_RUM_1995 |7 0 |8 A |9 389484 |a BIBING |b BIBING |d 2019-11-22 |i 3197611 |o 598.619 RUM 1995 |p 3197611 |r 2025-01-20 |w 2019-11-22 |y BK |k GEO | ||